<?xml version="1.0" encoding="UTF-8"?>
<record
    xmlns:xsi="http://www.w3.org/2001/XMLSchema-instance"
    xsi:schemaLocation="http://www.loc.gov/MARC21/slim http://www.loc.gov/standards/marcxml/schema/MARC21slim.xsd"
    xmlns="http://www.loc.gov/MARC21/slim">

  <leader>01164nam a22002417a 4500</leader>
  <datafield tag="999" ind1=" " ind2=" ">
    <subfield code="c">169402</subfield>
    <subfield code="d">169402</subfield>
  </datafield>
  <controlfield tag="005">20191119105919.0</controlfield>
  <datafield tag="010" ind1=" " ind2=" ">
    <subfield code="a">B-730927</subfield>
  </datafield>
  <datafield tag="020" ind1=" " ind2=" ">
    <subfield code="c">450.00</subfield>
    <subfield code="a">9789380234588</subfield>
  </datafield>
  <datafield tag="035" ind1=" " ind2=" ">
    <subfield code="a">B-730927</subfield>
  </datafield>
  <datafield tag="037" ind1=" " ind2=" ">
    <subfield code="b">&#x921;&#x940;.&#x92C;&#x940;.&#x90F;.&#x921;&#x940;./ &#x909;&#x92A;&#x939;&#x93E;&#x930;</subfield>
  </datafield>
  <datafield tag="082" ind1=" " ind2=" ">
    <subfield code="a">821.08</subfield>
  </datafield>
  <datafield tag="100" ind1=" " ind2=" ">
    <subfield code="a">&#x926;&#x947;&#x935;&#x927;&#x930;, &#x938;&#x941;&#x928;&#x940;&#x932; &#x915;&#x947;&#x936;&#x935;  </subfield>
  </datafield>
  <datafield tag="245" ind1=" " ind2=" ">
    <subfield code="a">&#x92C;&#x921;&#x93C;&#x947; &#x905;&#x928;&#x92E;&#x94B;&#x932; &#x917;&#x940;&#x924;&#x94B;&#x902; &#x915;&#x947; &#x92C;&#x94B;&#x932; /</subfield>
    <subfield code="c">&#x938;&#x941;&#x928;&#x940;&#x932; &#x915;&#x947;&#x936;&#x935; &#x926;&#x947;&#x935;&#x927;&#x930;</subfield>
  </datafield>
  <datafield tag="260" ind1=" " ind2=" ">
    <subfield code="b">&#x92C;&#x941;&#x915;&#x92E;&#x93E;&#x930;&#x94D;&#x917; &#x92A;&#x92C;&#x94D;&#x932;&#x93F;&#x915;&#x947;&#x936;&#x928;&#x94D;&#x938; </subfield>
    <subfield code="c">2017</subfield>
    <subfield code="a">&#x92A;&#x941;&#x923;&#x947; </subfield>
  </datafield>
  <datafield tag="270" ind1=" " ind2=" ">
    <subfield code="a">&#x935;&#x930;&#x94D;&#x937;&#x93E; &#x92A;&#x930;&#x93E;&#x917; &#x92A;&#x93F;&#x92A;&#x932;&#x947;, 16, &#x938;&#x930;&#x94D;&#x935;&#x926;&#x930;&#x94D;&#x936;&#x928;, &#x928;&#x932; &#x938;&#x94D;&#x91F;&#x949;&#x92A;, &#x915;&#x930;&#x94D;&#x92C;&#x947; &#x930;&#x94B;&#x921; </subfield>
    <subfield code="b">&#x92A;&#x941;&#x923;&#x947;, &#x92E;&#x939;&#x93E;&#x930;&#x93E;&#x937;&#x94D;&#x91F;&#x94D;&#x930; </subfield>
    <subfield code="e">411004</subfield>
  </datafield>
  <datafield tag="300" ind1="1" ind2=" ">
    <subfield code="a">222&#x92A;&#x943;.</subfield>
    <subfield code="c">24&#x938;&#x947;&#x92E;&#x940; (&#x938;&#x91C;&#x93F;&#x932;&#x94D;&#x926;)</subfield>
    <subfield code="b">&#x938;&#x91A;&#x93F;&#x924;&#x94D;&#x930;</subfield>
  </datafield>
  <datafield tag="650" ind1=" " ind2=" ">
    <subfield code="a">Hindi Novel</subfield>
  </datafield>
  <datafield tag="650" ind1=" " ind2=" ">
    <subfield code="a">&#x939;&#x93F;&#x928;&#x94D;&#x926;&#x940; &#x915;&#x925;&#x93E; &#x938;&#x93E;&#x939;&#x93F;&#x924;&#x94D;&#x92F;</subfield>
  </datafield>
  <datafield tag="700" ind1=" " ind2=" ">
    <subfield code="9">27483</subfield>
  </datafield>
  <datafield tag="700" ind1=" " ind2=" ">
    <subfield code="9">54344</subfield>
  </datafield>
  <datafield tag="942" ind1=" " ind2=" ">
    <subfield code="a">dpl</subfield>
    <subfield code="c">HN</subfield>
    <subfield code="2">ddc</subfield>
    <subfield code="m">&#x926;&#x947;&#x935;&#x927;</subfield>
    <subfield code="h">821.08</subfield>
  </datafield>
  <datafield tag="952" ind1=" " ind2=" ">
    <subfield code="0">0</subfield>
    <subfield code="1">0</subfield>
    <subfield code="4">0</subfield>
    <subfield code="7">0</subfield>
    <subfield code="8">NFIC</subfield>
    <subfield code="a">L</subfield>
    <subfield code="b">L</subfield>
    <subfield code="d">2019-11-19</subfield>
    <subfield code="e">&#x909;&#x92A;&#x939;&#x93E;&#x930;/13.11.19</subfield>
    <subfield code="g">450.00</subfield>
    <subfield code="l">9</subfield>
    <subfield code="m">11</subfield>
    <subfield code="o">821.08 &#x926;&#x947;&#x935;&#x927;</subfield>
    <subfield code="p">B-730927</subfield>
    <subfield code="r">2021-06-05 00:00:00</subfield>
    <subfield code="s">2021-04-08</subfield>
    <subfield code="t">1</subfield>
    <subfield code="v">450.00</subfield>
    <subfield code="w">2019-11-19</subfield>
    <subfield code="y">HN</subfield>
    <subfield code="z">&#x909;&#x92A;&#x939;&#x93E;&#x930;</subfield>
  </datafield>
</record>
